"Aporte de las cooperativas a un proceso de desarrollo con equidad en América Latina" / (Registro nro. 7794)

Detalles MARC
000 -LEADER
fixed length control field 01127nam a2200265Ia 4500
003 - CONTROL NUMBER IDENTIFIER
control field OSt
005 - DATE AND TIME OF LATEST TRANSACTION
control field 20210430162224.0
008 - FIXED-LENGTH DATA ELEMENTS--GENERAL INFORMATION
fixed length control field 210310s1995 it fr 000 0 spa d
020 ## - INTERNATIONAL STANDARD BOOK NUMBER
International Standard Book Number 9290493020
040 ## - CATALOGING SOURCE
Original cataloging agency CO-JMCR
Transcribing agency CO-JMCR
041 0# - LANGUAGE CODE
Language code of text/sound track or separate title spa
082 04 - DEWEY DECIMAL CLASSIFICATION NUMBER
Classification number 334 /
Item number N322a
Edition number 23
100 1# - MAIN ENTRY--PERSONAL NAME
Personal name Navas Vega, Daniel,
9 (RLIN) 15478
Relator term autor
245 11 - TITLE STATEMENT
Title "Aporte de las cooperativas a un proceso de desarrollo con equidad en América Latina" /
Remainder of title Daniel Navas Vega
250 ## - EDITION STATEMENT
Edition statement Primera edición
260 ## - PUBLICATION, DISTRIBUTION, ETC.
Place of publication, distribution, etc. Turín :
Name of publisher, distributor, etc. Centro Internacional de Formación de la Organización Internacional del Trabajo : Asociación Latinoamericana de Centros de Educación Cooperativa,
Date of publication, distribution, etc. 1995
300 ## - PHYSICAL DESCRIPTION
Extent 106 páginas ;
Dimensions 25 cm.
490 0# - SERIES STATEMENT
Series statement Empresa y tecnología
500 ## - GENERAL NOTE
General note Incluye notas a pie de página.
504 ## - BIBLIOGRAPHY, ETC. NOTE
Bibliography, etc. note Bibliografía: páginas 103-106
505 0# - FORMATTED CONTENTS NOTE
Formatted contents note El escenario latinoamericano -- Las cooperativas de América Latina -- Aporte de las cooperativas al desarrollo en equidad en América Latina
650 14 - SUBJECT ADDED ENTRY--TOPICAL TERM
Topical term or geographic name entry element Cooperativas
9 (RLIN) 15480
Geographic subdivision América Latina
651 #4 - SUBJECT ADDED ENTRY--GEOGRAPHIC NAME
Geographic name América Latina
General subdivision Política económica
9 (RLIN) 36232
942 ## - ADDED ENTRY ELEMENTS (KOHA)
Source of classification or shelving scheme Dewey Decimal Classification
Koha item type Books
Existencias
Withdrawn status Lost status Source of classification or shelving scheme Damaged status Not for loan Collection code Home library Current library Date acquired Source of acquisition Full call number Barcode Date last seen Copy number Koha item type
    Dewey Decimal Classification     Non-fiction Biblioteca Pública José María del Castillo y Rada Biblioteca Pública José María del Castillo y Rada 04/15/2018 Donación 334 / N322a 430003699 05/16/2024 Ej.1 Books